000 00318nam a22001457a 4500
008 230913b ||||| |||| 00| 0 eng d
020 _a6512722
041 _aeng
080 _2VOLUME I
_a521
082 _a521URE
100 _a19
101 _aASTRO
245 _aWANDERERS IN THE SKY
_cUREY .C.H
942 _2udc
_cBK
999 _c60358
_d60358